| 000 | 00774nam a2200217Ia 4500 | ||
|---|---|---|---|
| 001 | 22629 | ||
| 003 | GE_BSU | ||
| 008 | 181216s||||||||xx |||||||||||||| ||und|| | ||
| 040 | _cGE_BSU | ||
| 245 | _aМолекулярная генетика микробиология и вирусология №4. том 35, 2017 | ||
| 245 | _cГл. ред.Костров С.В. | ||
| 260 | _aМосква | ||
| 260 | _bМедицина | ||
| 260 | _c2017 | ||
| 300 | _a160 стр. 29см. | ||
| 653 | _aМолекулярная генетика микробиология и вирусология №4. том 35, 2017 | ||
| 653 | _aПериодика | ||
| 653 | _aმოლეკულური გენეტიკა | ||
| 653 | _aპერიოდიკა | ||
| 942 | _cCR | ||
| 999 |
_c55547 _d55547 |
||